| 000 | 00590cam a2200229ua 4500 | ||
|---|---|---|---|
| 020 | _c26.00 | ||
| 041 |
_aeng _h |
||
| 082 |
_a519.5063 _bPAN/ST |
||
| 100 | _aPane, V.G . | ||
| 245 |
_aStatistical methods for agricultural works / _cV.G.Panse. _hTextual Documents |
||
| 260 |
_aNew Delhi : _bIndian Council for Agricultural Research , _c1985. |
||
| 300 | _a354 ; . | ||
| 365 | _a26.00 | ||
| 504 | _a | ||
| 700 | 1 | _aSukhatme, P.V . | |
| 942 | _cBK | ||
| 999 |
_c9830 _d9830 |
||